Trade in Central and Eastern European Countries Ten Years after Their EU Accession - Is There Convergence?
Účinky východného zväčšenia EÚ od roku 2004 na obchodnú konvergenciu v rámci EÚ a medzi novými členskými štátmi strednej a východnej Európy. Staré a nové členské štáty EÚ sa stali navzájom si bližšími. Porovnanie vývoja obchodu medzi Litvou a Slovenskom po ich vstupe do EÚ.
Saved in:
| Main Author: | |
|---|---|
| Other Authors: | , |
| Format: | Book Chapter |
| Language: | English |
| Subjects: | |
| Tags: |
No Tags, Be the first to tag this record!
|
MARC
| LEADER | 00000naa a2200000 4500 | ||
|---|---|---|---|
| 001 | 0213584 | ||
| 005 | 20240502083535.8 | ||
| 041 | 0 | |a eng | |
| 044 | |a HU | ||
| 245 | 1 | 0 | |a Trade in Central and Eastern European Countries Ten Years after Their EU Accession - Is There Convergence? |c Martin Grančay, Erika Šumilo, Jolita Vveinhardt |
| 520 | |a Účinky východného zväčšenia EÚ od roku 2004 na obchodnú konvergenciu v rámci EÚ a medzi novými členskými štátmi strednej a východnej Európy. Staré a nové členské štáty EÚ sa stali navzájom si bližšími. Porovnanie vývoja obchodu medzi Litvou a Slovenskom po ich vstupe do EÚ. | ||
| 610 | 2 | 0 | |a obchod zahraničný |
| 610 | 2 | 0 | |a SVE |
| 610 | 2 | 0 | |a integrácia ekonomická |
| 610 | 2 | 0 | |a konvergencia |
| 100 | 1 | |a Grančay, Martin, 1984-2024 | |
| 700 | 1 | |a Šumilo, Erika | |
| 700 | 1 | |a Vveinhardt, Jolita | |